[Event "FRA-chT4"]
[Site "France"]
[Date "2013.01.13"]
[Round "4.1"]
[White "Husson, Christophe"]
[Black "Giorgetti, Cyrille"]
[Result "0-1"]
[WhiteElo "1810"]
[BlackElo "1931"]
[PlyCount "79"]
[EventDate "2012.10.24"]
[EventType "team-swiss"]
[EventRounds "9"]
[EventCountry "FRA"]
[SourceTitle "EXT 2014"]
[Source "ChessBase"]
[SourceDate "2013.11.20"]
[SourceVersion "1"]
[SourceVersionDate "2013.11.20"]
[SourceQuality "1"]

1. e4 e6 2. d4 d5 3. Nc3 dxe4 4. Nxe4 Nd7 5. Nf3 Ngf6 6. Nxf6+ Nxf6 7. Bd3 Be7 8. 0-0 0-0 9. c4 b6 10. b3 Bb7 11. Be3 Rc8 12. Rc1 c5 13. Bb1 Bxf3 14. Qxf3 cxd4 15. Rfd1 e5 16. Qf5 Qc7 17. Bg5 g6 18. Qh3 Nh5 19. Bh6 Ng7 20. Be4 Rfd8 21. Bxg7 Kxg7 22. g4 Bg5 23. Rc2 Rh8 24. Rd3 h5 25. Bd5 hxg4 26. Qxg4 Bf4 27. h3 f5 28. Qg2 Rh5 29. Kf1 Rg5 30. Qh1 Rh8 31. Bg2 Qd6 32. Bd5 Rgh5 33. Kg2 Qc5 34. Re2 e4 35. Bxe4 fxe4 36. Rxe4 Qg5+ 37. Kf1 Be5 38. Re1 Rf8 39. Qb7+ Rf7 40. Rf3 0-1

[Event "FRA-chT4"]
[Site "France"]
[Date "2012.11.18"]
[Round "2.4"]
[White "Giorgetti, Cyrille"]
[Black "Bertrand, Catherine"]
[Result "1/2-1/2"]
[WhiteElo "1931"]
[BlackElo "1855"]
[PlyCount "82"]
[EventDate "2012.10.24"]
[EventType "team-swiss"]
[EventRounds "9"]
[EventCountry "FRA"]
[SourceTitle "EXT 2014"]
[Source "ChessBase"]
[SourceDate "2013.11.20"]
[SourceVersion "1"]
[SourceVersionDate "2013.11.20"]
[SourceQuality "1"]

1. e4 c5 2. Nf3 Nc6 3. d4 cxd4 4. Nxd4 e5 5. Nb3 Nf6 6. Bg5 h6 7. Bxf6 Qxf6 8. N1d2 Be7 9. Bc4 0-0 10. 0-0 d6 11. Qe2 Qf4 12. Rad1 Be6 13. c3 Rad8 14. Bd5 Bxd5 15. exd5 Nb8 16. g3 Qa4 17. a3 f5 18. f4 Bf6 19. Qh5 e4 20. Na1 Rde8 21. Qe2 Nd7 22. Ndb3 Nc5 23. Nxc5 dxc5 24. Nc2 Kh7 25. Ne3 g6 26. Qc4 Qxc4 27. Nxc4 b5 28. Ne3 b4 29. axb4 cxb4 30. cxb4 Bxb2 31. Rf2 Bc3 32. b5 Rc8 33. Ra2 Rf7 34. Kf2 Rc5 35. d6 Rd7 36. Rc2 Bb4 37. Rxc5 Bxc5 38. Rd5 Bxd6 39. Ke2 Rd8 40. g4 fxg4 41. Nxg4 Bc7 1/2-1/2

[Event "Metz op 23rd"]
[Site "Metz"]
[Date "2005.??.??"]
[Round "7"]
[White "Giorgetti, Cyrille"]
[Black "Taddei, Benoit"]
[Result "0-1"]
[WhiteElo "1995"]
[BlackElo "2315"]
[PlyCount "42"]
[EventDate "2005.04.16"]
[EventType "swiss"]
[EventRounds "9"]
[EventCountry "FRA"]
[SourceTitle "EXT 2007"]
[Source "ChessBase"]
[SourceDate "2006.11.23"]
[SourceVersion "1"]
[SourceVersionDate "2006.11.23"]
[SourceQuality "1"]

1. e4 c5 2. Nf3 d6 3. d4 Nf6 4. Nc3 cxd4 5. Nxd4 a6 6. f3 e5 7. Nde2 Be7 8. Be3 Be6 9. Qd2 Nbd7 10. g4 Nb6 11. Ng3 d5 12. Bxb6 Qxb6 13. g5 Bb4 14. gxf6 d4 15. fxg7 Rg8 16. Nh5 0-0-0 17. Bd3 Ba5 18. Ke2 dxc3 19. bxc3 Qc5 20. Qe3 Qxc3 21. Rag1 Rxd3 0-1

[Event "Metz op 23rd"]
[Site "Metz"]
[Date "2005.??.??"]
[Round "2"]
[White "Marechal, Andy"]
[Black "Giorgetti, Cyrille"]
[Result "1-0"]
[WhiteElo "2268"]
[BlackElo "1995"]
[PlyCount "31"]
[EventDate "2005.04.16"]
[EventType "swiss"]
[EventRounds "9"]
[EventCountry "FRA"]
[SourceTitle "EXT 2007"]
[Source "ChessBase"]
[SourceDate "2006.11.23"]
[SourceVersion "1"]
[SourceVersionDate "2006.11.23"]
[SourceQuality "1"]

1. e4 e6 2. d4 d5 3. Nd2 Nf6 4. e5 Nfd7 5. c3 c5 6. f4 Nc6 7. Ndf3 a6 8. Bd3 g6 9. Ne2 c4 10. Bc2 b5 11. g4 h5 12. gxh5 Rxh5 13. Ng3 Rh8 14. h4 Qc7 15. Ng5 Nb6 16. h5 1-0

[Event "FRA-chT2O 0203"]
[Site "France"]
[Date "2002.11.16"]
[Round "2.7"]
[White "Roos, Jean Luc"]
[Black "Giorgetti, Cyrille"]
[Result "1-0"]
[WhiteElo "2307"]
[BlackElo "2090"]
[PlyCount "69"]
[EventDate "2002.10.??"]
[EventType "team"]
[EventRounds "11"]
[EventCountry "FRA"]
[SourceTitle "EXT 2004"]
[Source "ChessBase"]
[SourceDate "2003.11.25"]
[SourceVersion "1"]
[SourceVersionDate "2003.11.25"]
[SourceQuality "1"]
[WhiteTeam "Strasbourg"]
[BlackTeam "Metz Fischer"]
[WhiteTeamCountry "FRA"]
[BlackTeamCountry "FRA"]

1. d4 Nf6 2. c4 g6 3. Nf3 d5 4. cxd5 Nxd5 5. e4 Nb6 6. h3 Bg7 7. Nc3 0-0 8. Be2 c5 9. d5 c4 10. 0-0 N8d7 11. Be3 Bxc3 12. bxc3 Qc7 13. Qd4 f6 14. a4 a5 15. Rfb1 Ra6 16. Nd2 Rd8 17. Nxc4 Nxc4 18. Qxc4 Qxc4 19. Bxc4 Rd6 20. f4 Kf8 21. Bd4 Nb8 22. Bb6 Rxb6 23. Rxb6 Nd7 24. Rb2 Nc5 25. e5 Bd7 26. Bb5 fxe5 27. fxe5 Bxb5 28. Rxb5 Rxd5 29. e6 Rf5 30. g4 Re5 31. Rf1+ Kg8 32. Rxa5 b6 33. Ra8+ Kg7 34. Rf7+ Kh6 35. Rxe7 1-0

[Event "FRA-chT2O 0203"]
[Site "France"]
[Date "2002.10.13"]
[Round "1.6"]
[White "Herb, Pascal"]
[Black "Giorgetti, Cyrille"]
[Result "1-0"]
[WhiteElo "2295"]
[BlackElo "2090"]
[PlyCount "39"]
[EventDate "2002.10.??"]
[EventType "team"]
[EventRounds "11"]
[EventCountry "FRA"]
[SourceTitle "EXT 2004"]
[Source "ChessBase"]
[SourceDate "2003.11.25"]
[SourceVersion "1"]
[SourceVersionDate "2003.11.25"]
[SourceQuality "1"]
[WhiteTeam "Mulhouse Philidor II"]
[BlackTeam "Metz Fischer"]
[WhiteTeamCountry "FRA"]
[BlackTeamCountry "FRA"]

1. e4 e6 2. Nf3 d5 3. e5 c5 4. Be2 Ne7 5. 0-0 Ng6 6. Re1 a6 7. c3 Nc6 8. d4 b5 9. Be3 c4 10. a4 Bd7 11. g3 Be7 12. h4 h6 13. h5 Nf8 14. axb5 axb5 15. Na3 Na5 16. Nd2 b4 17. cxb4 Bxb4 18. Nc2 Nb3 19. Rxa8 Qxa8 20. Nxb4 1-0